Sentido social de la eucaristía III. Acontecimiento de justicia.
I tiakina i:
| Kaituhi matua: | |
|---|---|
| Hōputu: | Tē mōhiotia |
| Reo: | Ingarihi |
| I whakaputaina: |
Bogotá, D.C, Colombia:
Pontificia Universidad Javeriana,
2015.
|
| Putanga: | 3a. edición. |
| Rangatū: | Colección Teología Hoy,
|
| Ngā marau: | |
| Ngā Tūtohu: |
Tāpirihia he Tūtohu
Kāore He Tūtohu, Me noho koe te mea tuatahi ki te tūtohu i tēnei pūkete!
|
MARC
| LEADER | 00000 a2200000 4500 | ||
|---|---|---|---|
| 003 | CL-VaPUC | ||
| 005 | 20230418101332.0 | ||
| 008 | 230410t2015 ||||| |||| 00| 0 eng d | ||
| 999 | |c 439741 |d 439739 | ||
| 020 | |a 978-958-716-886-0 (v.I) | ||
| 020 | |a 978-958-716-887-7 (v.II) | ||
| 020 | |a 978-958-716-885-3 (v.III) | ||
| 040 | |c Pontificia Universidad Católica de Valparaíso | ||
| 082 | |2 22 |a 234.163 MAR 2015 | ||
| 100 | |a Martínez Morales, Víctor M. |9 881345 |e autor | ||
| 245 | |a Sentido social de la eucaristía III. |b Acontecimiento de justicia. | ||
| 250 | |a 3a. edición. | ||
| 260 | |a Bogotá, D.C, Colombia: |b Pontificia Universidad Javeriana, |c 2015. | ||
| 300 | |a 119 páginas. | ||
| 490 | |a Colección Teología Hoy, |n 25. | ||
| 583 | |k GC |c 20230410 | ||
| 650 | 0 | |9 257336 |a Eucaristía |x Aspectos éticos y sociales | |
| 650 | 0 | |9 257270 |a Sacramentos |x Cristianismo |x Sagrada comunión |x Cena del Señor |x Teología contemporánea | |
| 942 | |2 ddc |c BK | ||
| 952 | |0 0 |1 0 |2 ddc |4 0 |6 234_163000000000000_MAR_2015 |7 0 |8 A |9 589507 |a BIBTEO |b BIBTEO |c GEN |d 2023-04-06 |e 178 |g 5258.34 |h v.II |i 5657043 |l 1 |m 3 |o 234.163 MAR 2015 |p 5657043 |r 2025-01-17 |s 2023-05-16 |t 1 |v 5258.34 |w 2023-04-06 |y BK |k ICR | ||
| 952 | |0 0 |1 0 |2 ddc |4 0 |6 234_163000000000000_MAR_2015 |7 0 |8 A |9 589508 |a BIBTEO |b BIBTEO |c GEN |d 2023-04-06 |e 178 |g 5633.94 |h v.I |i 5657042 |l 1 |m 3 |o 234.163 MAR 2015 |p 5657042 |r 2025-01-17 |s 2023-05-16 |t 1 |v 5633.94 |w 2023-04-06 |y BK |k ICR | ||
| 952 | |0 0 |1 0 |2 ddc |4 0 |6 234_163000000000000_MAR_2015 |7 0 |8 A |9 589509 |a BIBTEO |b BIBTEO |c GEN |d 2023-04-06 |e 178 |g 5258.34 |h v.III |i 5657044 |l 1 |m 3 |o 234.163 MAR 2015 |p 5657044 |r 2025-01-17 |s 2023-05-16 |t 1 |v 5258.34 |w 2023-04-06 |y BK |k ICR | ||